Successful direct marketing methods

Αποθηκεύτηκε σε:
Λεπτομέρειες βιβλιογραφικής εγγραφής
Κύριος συγγραφέας: Stone, Bob, 1918-2007
Μορφή: Βιβλίο
Γλώσσα:English
Δημοσίευση: Lincolnwood, Ill. : NTC Business Books, c1988.
Έκδοση:4th ed.
Θέματα:
Ετικέτες: Προσθήκη ετικέτας
Δεν υπάρχουν, Καταχωρήστε ετικέτα πρώτοι!

MARC

LEADER 00000cam a2200000 i 4500
001 1/38459
008 960117s1988 ilu| ||| |||| ||eng||
020 |a 0844231800 
035 |l 10024866 
040 |a GR-MyUa  |b gre  |e AACR2 
041 0 |a eng 
082 7 |a 658.84   |2 (22)  
100 1 |a Stone, Bob,   |d 1918-2007. 
245 1 0 |a Successful direct marketing methods /   |c Bob Stone.  
250 |a 4th ed. 
260 |a Lincolnwood, Ill. :   |b NTC Business Books,   |c c1988.  
300 |a 572 σ. ;   |c 24 εκ.  
500 |a Περιλαμβάνει ευρετήριο.  
650 0 |a Direct marketing. 
852 |a INST  |b CHIOS  |e 19960117  |h 658.84 STO  |p 005200004216  |q 005200004216  |t BK  |y 0 
852 |a INST  |b SYROS  |e 20170905  |h 658.84 STO  |p 005500013120  |q 005500013120  |t BK  |y 0